000
00352nam a2200145Ia 4500
008
230718s9999 xx 000 0 und d
041
_a
Eng.
082
_a
292.563
_b
MAS-Z
100
_a
master pina lal
245
0
_a
zahan o shaowre ko jila baksane wla
260
_a
Pakistan
_b
nighar Publisher
_c
2018
300
_a
142
650
_a
Law
999
_c
31718
_d
31718